MTV, TNT, USA or Lifetime? Quiz Stats

 Plays Quiz not verified by Sporcle

Challenge
Share
Tweet
Embed
Score 0/30 Timer 04:00
0 Plays Today
TV Show M, T, U or L? % Correct
Jersey Shore???
89.7%
16 and Pregnant???
89.7%
Beavis and Butt-Head???
87%
Teen Mom???
86.2%
Teen Wolf???
83.1%
Rob Dyrdek's Fantasy Factory???
79.3%
Burn Notice???
78.2%
Psych???
76.7%
White Collar???
76%
Army Wives???
76%
Royal Pains???
75.4%
America's Best Dance Crew???
74.9%
Project Runway???
74.3%
The Closer???
73.4%
Drop Dead Diva???
72.7%
TV Show M, T, U or L? % Correct
Suits???
70.8%
Rizzoli & Isles???
69.2%
Covert Affairs???
68.4%
Dance Moms???
68.4%
In Plain Sight???
66.4%
Necessary Roughness???
66.4%
Southland???
65.9%
WWE Raw???
65.5%
Leverage???
64.6%
Falling Skies???
64.2%
I Just Want My Pants Back???
62.4%
Franklin & Bash???
62%
Coming Home???
57.6%
Fairly Legal???
54.9%
The Substitute???
23.5%

You're not logged in!

Compare scores with friends on all Sporcle quizzes.
Join for Free
OR
Log In

You Might Also Like...

Show Comments

Extras

Created Oct 7, 2011ReportNominate
Tags:This or That Quiz

Top Quizzes Today


Score Distribution

Your Account Isn't Verified!

In order to create a playlist on Sporcle, you need to verify the email address you used during registration. Go to your Sporcle Settings to finish the process.

Report this User

Report this user for behavior that violates our Community Guidelines.

Details: